Pedagogía del oprimido /

Guardado en:
Bibliografiske detaljer
Hovedforfatter: Freire, Paulo, 1921-1997
Format: Ukendt
Sprog:Spanish
Udgivet: Montevideo : Siglo Veintiuno Editores, 1979.
Udgivelse:22 edición
Fag:
Tags: Tilføj Tag
Ingen Tags, Vær først til at tagge denne postø!

MARC

LEADER 000000000a22000000004500
001 011820
020 |a 9682302366 
041 0 |a spa 
082 0 4 |a 370.1   |b F866p22 
100 1 |a Freire, Paulo,   |d 1921-1997 
245 1 0 |a Pedagogía del oprimido /   |c Paulo Freire. 
250 |a 22 edición 
260 1 |a Montevideo :   |b Siglo Veintiuno Editores,   |c 1979. 
300 |a 245 páginas ;   |c 18 cm. 
500 |a Material disponible en BCMA 
650 4 |a FILOSOFIA DE LA EDUCACION 
650 4 |a  LIBERTAD 
500 |a Colección George Yúdice 
999 |c 17848  |d 17848 
942 |c BK  |h 370.1 F866p22  |2 z